000 00479nam a2200169 a 4500
001 000027168
005 20200930030639.0
008 110330s1947 dr 000 0 spa d
040 _aDO-SdBNP
_bspa
_cBNPHU
041 1 7 _aeng
_2spa
082 _axxxx
_bP424i
100 1 _aPepper, José Vicente
_99263
245 1 0 _aI accuse Braden /
_cJosé Vicente Pepper.
260 _aCiudad Trujillo, República Dominicana :
_bMontalvo,
_c1947.
300 _a295 p. ;
_c23 cm.
049 _aBNPD
999 _c26660
_d26660